Central Library, Doon University
WEBOPAC (ONLINE PUBLIC ACCESS CATALOGUE)

Immunology (Record no. 60759)

MARC details
000 -LEADER
fixed length control field 00556nam a22002177a 4500
005 - DATE & TIME
control field 20260511125227.0
008 - FIXED-LENGTH DATA ELEMENTS--GENERAL INFORMATION
fixed length control field 260511b |||||||| |||| 00| 0 eng d
020 ## - ISBN
International Standard Book Number 9780443245961
Price 8109.90
040 ## - CATALOGING SOURCE
Original cataloging agency Doon University
041 ## - Language
Language English
082 ## - DDC NUMBER
Classification number 616.079
Book Number MAL
100 ## - MAIN ENTRY--PERSONAL NAME
Personal name Male, David
245 ## - TITLE STATEMENT
Title Immunology
250 ## - EDITION STATEMENT
Edition statement 10th
260 ## - PUBLICATION, DISTRIBUTION, ETC. (IMPRINT)
Place of publication, distribution, etc Philadelphia
Name of publisher, distributor, etc Elsevier
Date of publication, distribution, etc 2026
300 ## - PHYSICAL DESCRIPTION
Pages 433
650 ## - Subject
Subject Environment Science (PM USHA)
700 ## - Added Entry Personal Name
Added Entry Personal Name Peebles, R. Stokes
700 ## - Added Entry Personal Name
Added Entry Personal Name Male, Victoria
942 ## - ADDED ENTRY ELEMENTS (KOHA)
Koha item type Books
100 ## - MAIN ENTRY--PERSONAL NAME
-- 26783
650 ## - Subject
-- 26725
700 ## - Added Entry Personal Name
-- 26784
700 ## - Added Entry Personal Name
-- 26785
952 ## - LOCATION AND ITEM INFORMATION (KOHA)
-- 2026-05-11
952 ## - LOCATION AND ITEM INFORMATION (KOHA)
-- 2026-05-11
952 ## - LOCATION AND ITEM INFORMATION (KOHA)
-- 2026-05-11
Holdings
Withdrawn status Lost status Source of classification or shelving scheme Damaged status Not for loan Location (home branch) Sublocation or collection (holding branch) Date acquired Koha full call number Accession No. Koha date last seen Koha item type Koha issues (times borrowed)
        Not For Loan Doon University Doon University 11.05.2026 616.079 MAL 32965 11.05.2026 Reference  
          Doon University Doon University 11.05.2026 616.079 MAL 32966 11.05.2026 Books  
          Doon University Doon University 11.05.2026 616.079 MAL 32967 11.05.2026 Books  
Contact : +91-135-2533126 (Library),+91-135-2533105 (Admin Office) , Email : doonlibrary@gmail.com

Powered by Koha